00331 a2200109 4500100003000000245004800030300004200078650002200120773005500142942000700197999001700204 aAGBENORSI, Justice923461 aOSP freezes Cecilia Dapaah's accounts again aWednesday, September 6, 2023 Pages 16 aJudiciary 9264090 tDaily GraphicdAccra Daily Graphic 2023x0855-1529 cPR c45890d45890